<?xml version="1.0" encoding="UTF-8"?>
<record
    xmlns:xsi="http://www.w3.org/2001/XMLSchema-instance"
    xsi:schemaLocation="http://www.loc.gov/MARC21/slim http://www.loc.gov/standards/marcxml/schema/MARC21slim.xsd"
    xmlns="http://www.loc.gov/MARC21/slim">

  <leader>01313nam a22002057a 4500</leader>
  <controlfield tag="005">20240612162532.0</controlfield>
  <controlfield tag="008">220616b           ||||| |||| 00| 0 eng d</controlfield>
  <datafield tag="040" ind1=" " ind2=" ">
    <subfield code="c">AL</subfield>
  </datafield>
  <datafield tag="041" ind1=" " ind2=" ">
    <subfield code="a">English</subfield>
  </datafield>
  <datafield tag="082" ind1=" " ind2=" ">
    <subfield code="2">23</subfield>
    <subfield code="a">951.5</subfield>
    <subfield code="b">TIBT</subfield>
  </datafield>
  <datafield tag="100" ind1=" " ind2=" ">
    <subfield code="a">Tibetan Womens Association</subfield>
    <subfield code="9">170329</subfield>
  </datafield>
  <datafield tag="245" ind1=" " ind2=" ">
    <subfield code="a">Tibetan Nuns:the status of exiled Tibetan Nuns in India</subfield>
  </datafield>
  <datafield tag="260" ind1=" " ind2=" ">
    <subfield code="a">Dharamshala</subfield>
    <subfield code="b">Tibetan Womens Association</subfield>
    <subfield code="c">2009</subfield>
  </datafield>
  <datafield tag="300" ind1=" " ind2=" ">
    <subfield code="a">viii,74 p.</subfield>
    <subfield code="b">PB</subfield>
    <subfield code="c">21x14 cm.</subfield>
  </datafield>
  <datafield tag="520" ind1=" " ind2=" ">
    <subfield code="a">randomly sampled survey of over 350 Tibetan nuns A living in exile, this volume fills a gap in our knowledge of the current status of Tibetan women. Exploring a range of issues, from the state of education within nunneries to the female monastic experience in both Tibet and in exile, to the monastic-oriented understanding of gender issues and discrimination, this volume provides a lucid view into the realities of life for Tibetan nuns today. Primary research is complemented here by TWA's own interpretations, recommendations for continued research, and policy prescriptions. What follows is a cogent addition to the oft-neglected study of women within the monastic community.</subfield>
  </datafield>
  <datafield tag="650" ind1=" " ind2=" ">
    <subfield code="a">Tibet and Chinese Policy inside of tibet</subfield>
    <subfield code="9">43308</subfield>
  </datafield>
  <datafield tag="650" ind1=" " ind2=" ">
    <subfield code="a">Gender issues</subfield>
    <subfield code="9">43309</subfield>
  </datafield>
  <datafield tag="700" ind1=" " ind2=" ">
    <subfield code="a">TIBETAN WOMENS ASSOCIATION</subfield>
    <subfield code="9">43310</subfield>
  </datafield>
  <datafield tag="942" ind1=" " ind2=" ">
    <subfield code="2">ddc</subfield>
    <subfield code="c">GF</subfield>
  </datafield>
  <datafield tag="999" ind1=" " ind2=" ">
    <subfield code="c">223395</subfield>
    <subfield code="d">223395</subfield>
  </datafield>
  <datafield tag="952" ind1=" " ind2=" ">
    <subfield code="0">0</subfield>
    <subfield code="1">0</subfield>
    <subfield code="2">ddc</subfield>
    <subfield code="4">0</subfield>
    <subfield code="7">0</subfield>
    <subfield code="8">HIS</subfield>
    <subfield code="a">AL</subfield>
    <subfield code="b">AL</subfield>
    <subfield code="d">2013-03-23</subfield>
    <subfield code="l">0</subfield>
    <subfield code="o">951.5 TIBT</subfield>
    <subfield code="p">GF03250</subfield>
    <subfield code="r">2022-06-16 00:00:00</subfield>
    <subfield code="w">2022-06-16</subfield>
    <subfield code="y">GF</subfield>
  </datafield>
</record>
